Contabilidad del Impuesto sobre Sociedades de las sociedades patrimoniales (Registro nro. 34636)
[ vista simple ]
| 000 -CABECERA | |
|---|---|
| Longitud fija campo de control | 00879naa a2200253 c 4500 |
| 001 - NÚMERO DE CONTROL | |
| Número de control | 34636 |
| 003 - IDENTIFICADOR DE NÚMERO DE CONTROL | |
| Identificador del número de control | ES-MaCES |
| 005 - FECHA Y HORA DE LA ÚLTIMA TRANSACCIÓN | |
| Fecha y hora de la última transacción | 20150924145330.0 |
| 008 - CAMPO FIJO DE DESCRIPCIÓN FIJA--INFORMACIÓN GENERAL | |
| Códigos de información de longitud fija | 050224n2005 sp t 000 | spa d |
| 035 ## - NÚMERO DE CONTROL DEL SISTEMA | |
| Número de control del sistema | CES20050001078v |
| 040 ## - FUENTE DE CATALOGACIÓN | |
| Centro catalogador de origen | ES-MaCES |
| Lengua de catalogación | spa |
| Centro transcriptor | ES-MaCES |
| 100 1# - ENCABEZAMIENTO PRINCIPAL--NOMBRE PERSONAL | |
| Nombre de persona | Murillo Martín, Francisco Javier |
| 9 (RLIN) | 19412 |
| 245 10 - MENCIÓN DE TÍTULO | |
| Título | Contabilidad del Impuesto sobre Sociedades de las sociedades patrimoniales |
| Mención de responsabilidad, etc. | Francisco Javier Murillo Martín |
| 650 #4 - ASIENTO SECUNDARIO DE MATERIA--TÉRMINO DE MATERIA | |
| Término de materia o nombre geográfico como elemento inicial | España |
| 9 (RLIN) | 26964 |
| 650 #4 - ASIENTO SECUNDARIO DE MATERIA--TÉRMINO DE MATERIA | |
| Término de materia o nombre geográfico como elemento inicial | tributación |
| 9 (RLIN) | 28093 |
| 650 #4 - ASIENTO SECUNDARIO DE MATERIA--TÉRMINO DE MATERIA | |
| Término de materia o nombre geográfico como elemento inicial | patrimonio |
| 9 (RLIN) | 31001 |
| 650 #4 - ASIENTO SECUNDARIO DE MATERIA--TÉRMINO DE MATERIA | |
| Término de materia o nombre geográfico como elemento inicial | impuesto sobre sociedades |
| 9 (RLIN) | 28081 |
| 653 10 - TÉRMINO DE INDEXACIÓN--NO CONTROLADO | |
| Término no controlado | Fiscalidad |
| 650 #4 - ASIENTO SECUNDARIO DE MATERIA--TÉRMINO DE MATERIA | |
| 9 (RLIN) | 26745 |
| Término de materia o nombre geográfico como elemento inicial | contabilidad |
| 773 0# - ENTRADA DE DOCUMENTO FUENTE | |
| Título | Impuestos |
| Parte(s) relacionada(s) | año 21, n. 2 (15 en. 2005){10161 R. 059358}; p. 10-43 |
| Número de control del registro relacionado | (ES-MaCES)25178 |
| Itemnumber del ítem fuente | 40321 |
| 902 ## - CES. TIPO DE DOCUMENTO | |
| Tipodoc (006$c Sirtex) | ART Artículo de revista |
| 942 ## - ELEMENTOS KOHA | |
| Fuente de clasificaión o esquema | Clasificación propia del CES |
| Koha [por defecto] tipo de item | Artículos (1982-2017) |
| Parte de clasificación | 0.1. |
No hay ítems disponibles.
